Guide to successful retirement : (Record no. 104715)

MARC details
000 -LEADER
fixed length control field 00661nam a22001937a 4500
005 - DATE AND TIME OF LATEST TRANSACTION
control field 20161123105617.0
010 ## - LCCN (DPL NO)
LC control number ENG-116619
020 ## - INTERNATIONAL STANDARD BOOK NUMBER
International Standard Book Number 9789351436980
Terms of availability 395.00
035 ## - SYSTEM CONTROL NUMBER
System control number EN-100151
037 ## - SOURCE OF ACQUISITION
Source of stock number/acquisition DBAD/PUB
082 ## - DEWEY DECIMAL CLASSIFICATION NUMBER
Classification number 646.79
100 ## - MAIN ENTRY--PERSONAL NAME
Personal name Lakhotia,R.N.
245 ## - TITLE STATEMENT
Title Guide to successful retirement :
Remainder of title tips on how to retire healthy,wealthy and wise /
Statement of responsibility, etc by R.N. Lakhotia [and] Subhash Lakhotia
260 ## - PUBLICATION, DISTRIBUTION, ETC. (IMPRINT)
Place of publication, distribution, etc Gurgaon
Name of publisher, distributor, etc LexisNexis
Date of publication, distribution, etc 2016
270 ## - ADDRESS
Address 14th Floor, Building No.10, Tower-B, DLF Cyber City, Phase-II
City Gurgaon
Postal code 122002
300 ## - PHYSICAL DESCRIPTION
Extent xii,225p.
Dimensions 22cm(pbk)
700 ## - ADDED ENTRY--PERSONAL NAME
Personal name Lakhotia,Subhash
942 ## - ADDED ENTRY ELEMENTS (KOHA)
Source of classification or shelving scheme Dewey Decimal Classification
Item type English Books
Call number suffix LAK
Classification part 646.79
Holdings
Withdrawn status Lost status Not for loan Collection code Home library Current library Date acquired Source of acquisition Cost, normal purchase price Full call number Barcode Copy number Cost, replacement price Koha item type
    Not For Loan Non-fiction D.B.Act.Division Bawana 23/11/2016 DBAD/PUB 395.00 646.79 LAK EN-100151 1 392.00 English Books

© Delhi Public Library
Hit Counter
free hit counter